[Event "Your Next Move GCT 2018-Blitz"]
[Site "Leuven"]
[Date "2018.06.15"]
[Round "4"]
[White "Anand, Viswanathan"]
[Black "Karjakin, Sergey"]
[Result "0-1"]
[WhiteElo "2817"]
[BlackElo "2816"]
[Annotator "TA"]
[PlyCount "46"]
[EventDate "2018.06.16"]
[EventType "tourn"]
[EventCountry "BEL"]
[SourceTitle "playchess.com"]
[Source "ChessBase"]
[SourceQuality "1"]

{[%evp 16,46,17,12,7,12,14,0,9,0,0,0,28,28,28,32,32,32,27,27,31,-178,-173,-291,-291,-289,-296,-294,-295,-302,-290,-355,-345]} 1. e4 e5 2. Nf3 Nc6 3. Bc4 Bc5 4. O-O Nf6 5. d3 d6 6. c3 a6 7. a4 h6 8. Nbd2 {C54: Italienische Partie (Hauptvariante)} O-O 9. Re1 {LiveBook: 35 Partien} a5 10. Nf1 {Die Stellung ist ausgeglichen.} Be6 11. Qb3 Qd7 12. Be3 Bxe3 $146 ({Vorgänger:} 12... Bxc4 13. Qxc4 Bxe3 14. Nxe3 Ne7 15. Rad1 Rfe8 {1-0 (58) Artemiev,V (2697)-Grischuk,A (2767) Moscow 2018}) 13. Nxe3 b6 14. Nd5 Bxd5 15. exd5 {[#] Schwarz muss nun Lb5 beachten.} Ne7 16. d4 e4 17. Nd2 Qf5 18. Nxe4 $2 (18. Qc2 $14 {bleibt weiter vorne.}) 18... Nxe4 $19 19. Qc2 (19. Re2 $142 Rae8 20. f3) 19... Nf6 ({Lieber nicht} 19... Nxd5 20. Qxe4 Qxe4 21. Rxe4 $14) 20. Bd3 Qd7 21. Bb5 Qd8 22. c4 Rc8 23. Qe2 c6 {Precision: Weiß = 57%, Schwarz = 74%.} 0-1

[Event "Your Next Move GCT 2018-Blitz"]
[Site "Leuven"]
[Date "2018.06.15"]
[Round "4"]
[White "Giri, Anish"]
[Black "Mamedyarov, Shakhriyar"]
[Result "1-0"]
[WhiteElo "2799"]
[BlackElo "2757"]
[Annotator "TA"]
[PlyCount "89"]
[EventDate "2018.06.16"]
[EventType "tourn"]
[EventCountry "BEL"]
[SourceTitle "playchess.com"]
[Source "ChessBase"]
[SourceQuality "1"]

{[%evp 18,89,16,23,31,19,35,22,37,29,36,-2,43,42,49,29,29,21,76,65,170,6,14,0,28,37,38,17,20,12,38,22,34,34,77,59,77,79,79,81,75,43,54,51,95,94,68,16,23,26,33,17,80,79,191,154,677,712,702,702,693,678,641,641,640,634,4133,1520,1476,903,1375,889,29980,29981]} 1. e4 e5 2. Nf3 Nc6 3. Bb5 a6 4. Ba4 Nf6 5. O-O Be7 6. Re1 d6 7. c3 Bg4 8. h3 Bh5 9. Bxc6+ {C87: Closed Ruy Lopez: Steinitz-type lines after 6 Re1 d6} (9. d3 Nd7 10. Nbd2 Nc5 11. Bc2 Ne6 12. Nf1 Ng5 13. Bxg5 Bxg5 14. Ng3 Bxf3 15. Qxf3 O-O 16. Rad1 Qf6 17. Qxf6 Bxf6 {0-1 (57) Najer,E (2699)-Mamedyarov,S (2791) Antalya 2017}) 9... bxc6 10. d4 {LiveBook: 8 Games} Nd7 11. Be3 {White is slightly better.} Rb8 $146 ({Predecessor:} 11... Qb8 12. b3 Qb7 13. Nbd2 O-O 14. Qc2 a5 15. dxe5 dxe5 16. Rad1 f6 {½-½ (31) Blauhut,H (2490)-Klausen,T (2454) ICCF email 2007}) 12. b3 O-O 13. Nbd2 Re8 14. Rc1 Bf6 15. Qc2 h6 16. Qd3 Qc8 17. dxe5 Nxe5 (17... dxe5 $11 18. Qe2 Bg6) 18. Nxe5 $16 Bxe5 {[#]} (18... dxe5 $14 19. f3 Bg6) 19. Bd4 $2 (19. f4 $1 $18) 19... Bf4 $11 20. Be3 Bxe3 (20... Be5 {looks sharper.}) 21. Rxe3 Bg6 22. c4 {[%cal Bc3c4,Bc4c5][%mdl 32]} a5 23. Qc3 a4 24. bxa4 Qa6 25. a5 Ra8 26. c5 Qxa5 27. Qxa5 Rxa5 28. cxd6 Rxa2 29. Nc4 cxd6 30. Nxd6 Rb8 {[#]} 31. f4 $1 {[%cal Bf2f4,Bf4f5,Bf5f6][%mdl 32]} Bh5 32. g4 ({White should play} 32. Rg3 $14) 32... Bg6 33. f5 Bh7 34. Nc4 (34. e5 {is more complex.} Rbb2 35. Rg3 Kf8 36. Ne4 Ra5 37. Nc5) 34... Re8 (34... f6 $11) 35. e5 $36 {[%mdl 2048] White has strong initiative.} g6 (35... Rb8 $16 {keeps fighting.}) 36. Nd6 Re7 $2 (36... Rd8 $16 37. e6 (37. Rxc6 gxf5 38. Rg3 fxg4 $11) 37... Rxd6) 37. Rxc6 {Threatening mate with Rc8+.} Ra8 38. f6 Rd7 39. Rec3 Rdd8 40. Rc7 Rf8 {[#]} 41. e6 $1 {[%cal Be5e6,Be6e7][%mdl 544]} g5 (41... fxe6 42. Rg7+) 42. Nxf7 (42. e7 $142 Be4 43. exf8=R+ Rxf8 44. Nxe4 Kh7 45. Rc8 Rg8 46. Rxg8 Kxg8 47. Rc7) 42... Bg6 $18 43. Nxh6+ Kh8 44. f7 Rfb8 45. e7 {Precision: White = 47%, Black = 37%.} 1-0

[Event "Your Next Move GCT 2018-Blitz"]
[Site "Leuven"]
[Date "2018.06.15"]
[Round "5"]
[White "So, Wesley"]
[Black "Giri, Anish"]
[Result "1-0"]
[WhiteElo "2856"]
[BlackElo "2799"]
[Annotator "TA"]
[PlyCount "75"]
[EventDate "2018.06.16"]
[EventType "tourn"]
[EventCountry "BEL"]
[SourceTitle "playchess.com"]
[Source "ChessBase"]
[SourceQuality "1"]

{[%evp 17,75,0,0,0,0,0,16,25,20,37,19,50,82,91,94,86,116,113,127,45,50,50,45,30,41,53,77,77,73,31,38,37,31,38,36,44,49,37,56,50,84,0,0,0,45,35,35,35,487,496,514,499,1862,1803,1517,1327,12833,12834,6709,449]} 1. Nf3 d5 2. b3 Nf6 3. Bb2 g6 4. c4 dxc4 5. bxc4 Bg7 6. g3 O-O 7. Bg2 c5 8. O-O Nc6 9. Ne5 {A05: Réti Opening: 1 Nf3 Nf6} Na5 {LiveBook: 5 Games} 10. Qc2 Nd7 11. Nxd7 {The position is equal.} Bxd7 $146 ({Predecessor:} 11... Bxb2 12. Qxb2 Bxd7 13. d3 Rc8 14. Nc3 Bc6 15. h4 e6 16. Ne4 f5 {½-½ (29) Dizdar,G (2465)-Velimirovic,D (2575) Sarajevo 1986}) 12. Bxg7 Kxg7 13. Bxb7 Nxb7 14. Qb2+ Kg8 {Strongly threatening ...Nd6.} 15. Qxb7 Bh3 16. Rd1 Be6 {[#]} 17. Qe4 $1 Rb8 18. Nc3 (18. d3 $16) 18... Qd4 $14 19. Qxd4 cxd4 20. Nd5 (20. Nb5 {is interesting.} Bxc4 21. Nxd4 Rb2 22. Rdc1 Rc8 23. d3) 20... Bxd5 21. cxd5 $11 {[%mdl 4096] Endgame KRR-KRR} d3 22. e4 f5 23. f3 fxe4 24. fxe4 Rb4 25. Re1 Rb2 26. Rad1 Rxa2 27. Re3 Ra3 28. Rc1 g5 29. g4 (29. e5 $16) 29... a5 30. Rc7 Rf7 31. e5 {[%cal Be4e5,Be5e6][%mdl 32] [#] aiming for d6.} Ra4 32. h3 Rd4 $2 {[%mdl 8192]} (32... Raf4 $14) 33. e6 $18 {White is clearly winning.} Rf8 34. Re5 Rd8 (34... Re8 $142 35. Rxg5+ Kh8) 35. Rxg5+ Kf8 36. Rf5+ Kg8 37. Rxe7 R4xd5 38. Rff7 {Precision: White = 66%, Black = 32%.} (38. Ra7 $142 Rxf5 39. gxf5) 1-0

[Event "Your Next Move GCT 2018-Blitz"]
[Site "Leuven"]
[Date "2018.06.15"]
[Round "5"]
[White "Caruana, Fabiano"]
[Black "Nakamura, Hikaru"]
[Result "1/2-1/2"]
[WhiteElo "2818"]
[BlackElo "2878"]
[Annotator "TA"]
[PlyCount "70"]
[EventDate "2018.06.16"]
[EventType "tourn"]
[EventCountry "BEL"]
[SourceTitle "playchess.com"]
[Source "ChessBase"]
[SourceQuality "1"]

{[%evp 12,70,0,0,3,3,4,1,4,4,8,13,8,0,0,0,0,0,0,0,0,0,6,-15,-29,-16,25,0,0,0,0,0,0,0,59,68,63,51,54,0,0,0,0,0,11,0,0,0,0,0,0,0,0,0,0,0,0,0,0,0,0]} 1. d4 Nf6 2. c4 e6 3. Nf3 d5 4. g3 Be7 5. Bg2 O-O 6. Qb3 {E06: Closed Catalan: Early deviations} (6. O-O dxc4 7. Qc2 a6 8. a4 Bd7 9. Rd1 Bc6 10. Bg5 b5 11. Bxf6 Bxf6 12. Nc3 Qe8 13. e4 g6 14. h4 Nd7 15. axb5 axb5 16. Rxa8 Qxa8 {½-½ (26) Mamedyarov,S (2808)-So,W (2778) Stavanger 2018}) 6... c5 7. cxd5 {LiveBook: 3 Games} Qxd5 $146 ({Predecessor:} 7... exd5 8. dxc5 Na6 9. O-O Nxc5 10. Qd1 Bf5 11. Be3 Rc8 12. Nc3 Nce4 13. Bd4 Nxc3 14. Bxc3 {½-½ (32) Studer,N (2477)-Repka,C (2534) Le Castella 2018}) 8. Nc3 Qxb3 9. axb3 Nc6 10. dxc5 Bxc5 11. O-O e5 12. Bg5 Be6 13. Nd2 Rfd8 14. Nc4 h6 15. Bxf6 gxf6 16. e3 Rab8 17. Rfd1 (17. Bxc6 {with more complications.} bxc6 18. Ne4 Be7 19. Rxa7 Bd5 20. Ned2) 17... Rxd1+ 18. Rxd1 b5 19. Nxb5 Rxb5 20. Bxc6 Rxb3 21. Bd5 Bg4 22. Rc1 Rd3 {[#]} (22... Rb5 $11) 23. Nxe5 $1 $14 {[%mdl 512]} fxe5 24. Rxc5 {[%mdl 4096] Endgame And now Kg2 would win. KRB-KRB} Bh3 $1 {[%cal Rd3d1]} 25. f4 (25. f3 $14) 25... Rd1+ $11 {The position is equal.} 26. Kf2 Rd2+ 27. Ke1 Rxh2 28. b3 exf4 29. exf4 Be6 30. Bxe6 fxe6 {KR-KR} 31. Rc7 Rg2 32. Rxa7 Rxg3 33. Re7 Rxb3 34. Rxe6 Rf3 35. Rxh6 Rxf4 {Precision: White = 71%, Black = 67%.} 1/2-1/2

[Event "Your Next Move GCT 2018-Blitz"]
[Site "Leuven"]
[Date "2018.06.15"]
[Round "5"]
[White "Karjakin, Sergey"]
[Black "Grischuk, Alexander"]
[Result "1/2-1/2"]
[WhiteElo "2816"]
[BlackElo "2831"]
[Annotator "TA"]
[PlyCount "87"]
[EventDate "2018.06.16"]
[EventType "tourn"]
[EventCountry "BEL"]
[SourceTitle "playchess.com"]
[Source "ChessBase"]
[SourceQuality "1"]

{[%evp 17,87,12,14,2,4,0,11,8,11,7,26,35,29,-39,-24,-69,-75,-82,-70,-69,-72,-139,-146,-288,-234,-278,-240,-342,-208,-468,-445,-477,-465,-432,-314,-438,-242,-515,-277,-301,-152,-179,-99,-278,-270,-289,-267,-549,-557,-729,-199,-212,-92,-398,0,0,0,0,0,0,0,0,229,229,221,202,204,0,0,0,0,0]} 1. e4 c5 2. Nf3 d6 3. Nc3 Nf6 4. h3 a6 5. g4 e6 6. Bg2 Be7 7. d4 cxd4 8. Nxd4 Nfd7 {B81: Sizilianisch (Keres-Angriff)} 9. g5 b5 {[%cal Bb7b5,Bb5b4][%mdl 32] LiveBook: 3 Partien} 10. e5 $146 {Droht stark exd6.} ({Vorgänger:} 10. h4 Bb7 11. a3 Nc6 12. Be3 O-O 13. g6 hxg6 14. h5 g5 15. Qd2 Nce5 16. b3 {0-1 (73) Quparadze,G (2481)-Grischuk,A (2737) Doha 2016}) 10... d5 11. f4 b4 12. Nce2 a5 13. Be3 Ba6 14. h4 Bc5 15. h5 ({Lieber} 15. f5 $11 Bxe2 16. Qxe2 Bxd4 17. Bxd4) 15... Qb6 $15 16. g6 hxg6 17. hxg6 Rxh1+ 18. Bxh1 fxg6 19. c4 (19. Bf3 $142) 19... Bxc4 $17 {Und weiter mit ...Sc6 wäre nett.} 20. Qc2 (20. Rc1 $17 Bxe2 21. Kxe2 Qa6+ 22. Kd2) 20... Nf8 21. Rc1 {Da4+ ist eine echte Drohung.} Nbd7 22. Qd2 (22. Qd1 $142 Bxe2 23. Kxe2) 22... Rc8 23. Ng1 $2 (23. Bf3 {war angesagt.}) 23... g5 $19 {Und ...gxf4 würde nun gewinnen.} 24. Ngf3 gxf4 25. Bxf4 Ng6 26. Bg3 Ne7 (26... b3 $142 27. a3 Ngxe5 $1 {[%mdl 512]} 28. Nxe5 Bxd4 29. Nxc4 dxc4) 27. Bg2 $2 (27. b3) 27... Rc7 {[%cal Bc8c7,Bc7f7,Bf7f3][%mdl 32]} 28. Bh3 Nf8 (28... Bxd4 $19 29. Qxd4 Nc5) 29. Bf2 Ba6 ({Besser ist} 29... Bxa2 $19 {Droht ...a4 und aus.} 30. Bf1 Bc4 $1 {[%mdl 512]} 31. Bxc4 dxc4 32. Rxc4 Nd5) 30. Rd1 $2 {[#]} (30. Be3 $17 {war einen Versuch wert.}) 30... b3 $1 31. a3 (31. axb3 Bb4) 31... Neg6 32. Be3 $2 (32. Rc1) 32... Rf7 {zielt auf ...Txf3! ab.} 33. Bg4 {[#]} Bc4 $2 (33... Nxe5 $1 {[%mdl 512]} 34. Qg2 (34. Nxe5 Rf1#) 34... Nd3+ 35. Rxd3 Bxd3) 34. Bh5 {[#]} Kd7 (34... Rxf3 $1 $19 35. Bxf3 (35. Nxf3 Bxe3) 35... Nxe5 36. Bh5+ g6) 35. Qg2 $2 {[%mdl 8192]} (35. Qf2 $17) 35... Kc8 $2 (35... Nf4 $19 36. Qg5 g6 37. Bxf4 gxh5) 36. Bxg6 $11 Nxg6 37. Qxg6 Rxf3 $1 38. Qe8+ Kb7 39. Qd7+ Ka6 $2 (39... Qc7 $11 {und Schwarz muss sich keine Sorgen machen.} 40. Qxc7+ Kxc7 41. Nxe6+ Kc6 42. Bxc5 Rf1+ 43. Kd2 Rxd1+ 44. Kxd1 d4) 40. Qc8+ $18 Qb7 41. Qxe6+ Ka7 42. Nc6+ $2 {[#]} ({Weiss braucht} 42. Nxf3 $18 Bxe3 43. Nd4) 42... Qxc6 $3 $11 {[%mdl 512]} 43. Qxc6 Bxe3 {[%csl Gc4][%cal Rf3f1]} 44. Qc7+ {Precision: Weiß = 17%, Schwarz = 46%.} 1/2-1/2

[Event "Your Next Move GCT 2018-Blitz"]
[Site "Leuven"]
[Date "2018.06.15"]
[Round "5"]
[White "Aronian, Levon"]
[Black "Anand, Viswanathan"]
[Result "1-0"]
[WhiteElo "2809"]
[BlackElo "2817"]
[Annotator "TA"]
[PlyCount "63"]
[EventDate "2018.06.16"]
[EventType "tourn"]
[EventCountry "BEL"]
[SourceTitle "playchess.com"]
[Source "ChessBase"]
[SourceQuality "1"]

{[%evp 17,63,14,15,-114,-114,-100,-91,-94,-97,-98,-96,-91,-97,-94,-104,-106,-95,-111,-75,-82,-68,-89,-51,-68,-25,-60,9,-50,197,210,248,231,418,0,484,369,29981,29982,29982,29983,29983,29984,29984,29985,29990,29991,29997,29998]} 1. e4 e5 2. Nf3 Nc6 3. Bc4 Bc5 4. d3 Nf6 5. O-O d6 6. c3 a6 7. Nbd2 O-O 8. Bb3 Re8 {C54: Giuoco Piano: 4 c3 Nf6, main lines with 5 d4 and 5 d3} (8... Ba7 9. h3 Re8 10. Re1 Be6 11. Bc2 h6 12. Nf1 d5 13. exd5 Bxd5 14. Ng3 Qd7 15. Ne4 Nxe4 16. dxe4 Be6 17. Qxd7 Bxd7 18. a4 f6 19. Nd2 Be6 {½-½ (33) Onischuk,V (2637)-Anand,V (2782) Riadh 2017}) 9. Re1 Be6 {LiveBook: 23 Games} 10. Bc2 (10. Bxe6 $11 {remains equal.} Rxe6 11. Qe2) 10... Ng4 $17 {Black is better.} 11. Re2 Bxf2+ $1 12. Rxf2 Ne3 13. Qe2 $146 Nxc2 14. Rb1 {And now Nb3 would win.} Bxa2 15. b3 Bxb1 16. Nxb1 {[#]} N2d4 $1 17. cxd4 Nxd4 18. Nxd4 exd4 19. Nd2 c5 20. Qg4 Qc8 21. Qg3 {[#] Black must now prevent Nc4.} d5 $1 22. Nf3 ({White should play} 22. Rf5 $11) (22. exd5 Re1+) 22... dxe4 $2 (22... f6 $15 {keeps the upper hand.} 23. Bh6 Qd7) 23. Bh6 $1 $18 {[%csl Gh6][%cal Rg3g7]} g6 24. Ng5 $1 f5 $2 (24... Qd7) 25. dxe4 $2 $40 {[%mdl 128] White is up to no good.} (25. Rxf5 $1 $18 {Intending Rf7 and mate.} Qd7 26. Rd5 $3 {[%mdl 512]} (26. Rxc5 e3 $11) (26. dxe4 $2 gxf5 27. Ne6+ Kf7 $19) (26. Rf7 Re7 $16)) 25... c4 $2 {[%mdl 8192]} (25... Qd7 $11) 26. Rxf5 {Threatening mate with Rf7.} gxf5 $2 {[#]} (26... Re7 $18 27. Rf8+ Qxf8 28. Bxf8 Rxf8) 27. Nxh7+ $1 {[%mdl 512] White mates.} Kf7 {[#]} (27... Kxh7 28. Qg7#) 28. Qg7+ $1 Ke6 {[#]} 29. Qf6+ $1 Kd7 30. Qxd4+ Kc7 31. Bf4+ Kc6 32. Qxc4+ {Precision: White = 48%, Black = 37%.} 1-0

[Event "Your Next Move GCT 2018-Blitz"]
[Site "Leuven"]
[Date "2018.06.15"]
[Round "5"]
[White "Mamedyarov, Shakhriyar"]
[Black "Vachier-Lagrave, Maxime"]
[Result "1/2-1/2"]
[WhiteElo "2757"]
[BlackElo "2837"]
[Annotator "TA"]
[PlyCount "73"]
[EventDate "2018.06.16"]
[EventType "tourn"]
[EventCountry "BEL"]
[SourceTitle "playchess.com"]
[Source "ChessBase"]
[SourceQuality "1"]

{[%evp 12,73,8,-8,-12,-19,-26,-28,-7,0,-1,-1,20,0,0,0,0,0,0,0,0,0,0,0,14,0,0,0,0,0,0,0,0,0,0,0,0,0,0,0,0,0,0,0,0,0,0,0,0,0,0,0,0,0,0,0,0,0,0,0,0,0,0,0]} 1. d4 Nf6 2. Bg5 d5 3. Bxf6 gxf6 4. e3 c5 5. Nf3 Nc6 6. c4 {D00: 1 d4 d5: Unusual lines} cxd4 7. exd4 {LiveBook: 7 Games} e5 {With the idea ...Bb4+.} 8. Nc3 Bb4 (8... dxc4 9. dxe5 Qxd1+ 10. Rxd1 fxe5 11. Bxc4 Bb4 12. Ng5 f6 13. Nge4 Ke7 {0-1 (39) Mamedyarov,S (2808)-So,W (2778) Stavanger 2018}) 9. cxd5 Qxd5 {[%cal Re5d4]} (9... exd4 {keeps more tension.} 10. dxc6 dxc3 11. Qxd8+ Kxd8 12. O-O-O+ Kc7) 10. dxe5 {The position is equal.} Qxd1+ 11. Rxd1 Nxe5 $146 ({Predecessor:} 11... fxe5 12. Bb5 O-O 13. O-O Bxc3 14. bxc3 {½-½ (26) Rakhmangulova,A (2256)-Gaponenko,I (2411) Rivne 2016}) 12. Nxe5 fxe5 13. Bc4 Ke7 14. O-O {[#] Threatens to win with Nd5+.} Bxc3 15. bxc3 Be6 16. Bxe6 Kxe6 $11 {[%mdl 4096] Endgame KRR-KRR} 17. f4 Rhd8 18. Rde1 f6 19. fxe5 fxe5 20. Rf3 Rd2 21. Rfe3 Rxa2 22. Rxe5+ Kd6 23. Re6+ Kc5 24. Re7 Rg8 25. g3 h5 26. R1e5+ Kd6 27. R5e6+ Kd5 28. Re4 Rg5 29. c4+ Kc6 30. R4e6+ Kc5 31. Rxb7 Kxc4 32. Re4+ Kc5 33. Rc7+ Kd6 34. Ree7 Rb5 35. Rcd7+ Kc6 36. Rc7+ Kd6 {[#] ( -> ...Rb1+)} 37. Rcd7+ {Precision: White = 82%, Black = 88%.} 1/2-1/2

[Event "Your Next Move GCT 2018-Blitz"]
[Site "Leuven"]
[Date "2018.06.15"]
[Round "6"]
[White "Nakamura, Hikaru"]
[Black "Anand, Viswanathan"]
[Result "0-1"]
[WhiteElo "2878"]
[BlackElo "2817"]
[Annotator "TA"]
[PlyCount "66"]
[EventDate "2018.06.16"]
[EventType "tourn"]
[EventCountry "BEL"]
[SourceTitle "playchess.com"]
[Source "ChessBase"]
[SourceQuality "1"]

{[%evp 12,66,17,15,17,3,4,3,0,0,4,0,4,-14,-16,-22,-21,-18,-15,-30,-17,-36,-27,-68,-64,-91,-98,-106,-72,-109,-96,-108,-106,-89,-91,-101,-100,-95,-83,-79,-88,-146,-124,-435,-425,-436,-430,-505,-494,-1275,-880,-837,-773,-5465,-512,-29991,-2500]} 1. d4 Nf6 2. Bf4 d5 3. e3 e6 4. Nd2 Bd6 5. Ngf3 Bxf4 6. exf4 Qd6 {D02: 1 d4 d5 2 Nf3 sidelines, including 2...Nf6 3 g3 and 2...Nf6 3 Bf4} (6... b6 7. Bd3 c5 8. c3 O-O 9. O-O Ba6 10. Bxa6 Nxa6 11. Ne5 Nc7 12. Qf3 Nb5 13. dxc5 bxc5 14. f5 exf5 15. Qxf5 {½-½ (53) Baron,T (2557)-Rodshtein,M (2698) Biel 2016}) 7. g3 $1 {LiveBook: 7 Games} b6 8. c3 O-O {The position is equal.} 9. Bd3 Ba6 $146 ({Predecessor:} 9... c5 10. O-O Ba6 11. Qe2 Bxd3 12. Qxd3 Nc6 13. Ne5 Rac8 14. Nxc6 Rxc6 {1-0 (45) Svatos,J (2305)-Haman,J (2182) Czechia 2014}) 10. Bxa6 Nxa6 11. Qe2 Nb8 $1 12. a4 c5 13. O-O Nc6 14. Nb3 Rab8 15. Rfd1 Ne4 16. Qc2 Rfc8 17. dxc5 bxc5 18. Nc1 Qc7 19. b3 Qa5 20. Ne2 Qb6 $36 {[%mdl 2048] [#] Threatens to win with ...c4. Black is really pushing.} 21. Rab1 c4 22. Ned4 Nxd4 23. Nxd4 cxb3 24. Rxb3 Qc5 25. Rxb8 Rxb8 26. c4 (26. Rc1 $142) 26... Rb4 ({But not} 26... Qxc4 27. Qxc4 dxc4 28. Nc6 $15) 27. cxd5 $2 {[%mdl 8192]} (27. Rb1 $17 Rxb1+ 28. Qxb1) 27... Rxd4 $19 28. Rb1 g6 ({Worse is} 28... Qxc2 29. Rb8+ Qc8 30. Rxc8#) 29. Rb8+ Kg7 30. Qb2 (30. Qxc5 $142 Nxc5 31. dxe6 Nxe6 32. a5) 30... Qxd5 31. Rb4 e5 {( -> ...Rd1+)} 32. Rb5 Rd2 (32... Nc5 $142 {[%cal Rd4d1]} 33. Qe2 Rd1+ 34. Qxd1 Qxd1+ 35. Kg2 Nd3 36. Rxe5 Nxe5 37. fxe5 Qxa4) 33. Qb4 {[#]} (33. Qxe5+ $19 Qxe5 34. Rxe5 Nxf2 35. Ra5) 33... Nc5 {Precision: White = 22%, Black = 64%.} (33... Qd3 $142 34. Qb2 Rd1+ 35. Kg2 Qf1+ 36. Kf3 Nf6 37. Qc2 Qh1+ 38. Ke3 Qe1+ 39. Qe2 Qc3+ 40. Qd3 Qxd3#) 0-1

[Event "Your Next Move GCT 2018-Blitz"]
[Site "Leuven"]
[Date "2018.06.15"]
[Round "6"]
[White "Vachier-Lagrave, Maxime"]
[Black "So, Wesley"]
[Result "1/2-1/2"]
[WhiteElo "2837"]
[BlackElo "2856"]
[Annotator "TA"]
[PlyCount "96"]
[EventDate "2018.06.16"]
[EventType "tourn"]
[EventCountry "BEL"]
[SourceTitle "playchess.com"]
[Source "ChessBase"]
[SourceQuality "1"]

{[%evp 19,96,29,31,17,8,16,14,19,33,20,33,13,21,12,21,10,56,46,53,10,11,10,8,0,35,35,35,33,40,40,28,26,39,21,54,54,53,53,54,54,54,54,54,45,34,34,32,38,32,39,45,34,45,32,32,4,31,25,42,42,49,50,50,35,35,0,0,0,0,0,0,0,0,0,0,0,0,0,0]} 1. Nf3 d5 2. g3 g6 3. Bg2 Bg7 4. d4 Nf6 5. c4 dxc4 6. Na3 c5 7. O-O O-O 8. dxc5 c3 {D77: Fianchetto Grünfeld: 6 0-0: Replies other than 6...c6} 9. Nb5 Na6 {[%cal Bb8a6,Ba6c5,Bc5e4][%mdl 32]} 10. Nxc3 Nxc5 {LiveBook: 6 Games. White has an edge.} 11. Bf4 $146 ({Predecessor:} 11. Nd4 Qb6 12. Be3 Qxb2 13. Ncb5 Ne6 14. Rb1 Qxa2 15. Ra1 Qb2 16. Rb1 Qa2 17. Ra1 Qb2 18. Rb1 {½-½ (18) Ding,L (2769)-Karjakin,S (2763) Berlin 2018}) 11... Nfe4 12. Nxe4 Nxe4 13. Be5 Bxe5 14. Nxe5 Nd6 15. Qd4 Be6 16. Rfc1 Qa5 17. Nd3 Rad8 18. Nf4 Nf5 19. Qc3 (19. Qe4 {seems wilder.} Bc8 20. b4 Qa6 21. Nd5 Qd6 22. b5) 19... Qxc3 20. Rxc3 Rd2 21. Bxb7 Rxb2 22. Nxe6 fxe6 23. Ba6 Nd4 24. Kf1 Rfb8 25. Bd3 Kf7 26. Rc4 R8b4 27. Rac1 Nf5 28. a3 Rxc4 29. Rxc4 $14 {[%mdl 4096] Endgame KRB-KRN} Nd6 30. Ra4 Rb7 31. f4 Kf6 32. Ra5 Nf7 33. Ra6 Nd6 34. Kf2 e5 35. Ke3 Rc7 36. fxe5+ Kxe5 37. Ra5+ Ke6 38. Kd4 Kf6 39. e4 {[%cal Be2e4,Be4e5][%mdl 32] [#] aiming for e5+.} Nf7 40. e5+ Kg7 41. h4 Nd8 {White must now prevent ...Nc6+.} 42. Be4 (42. Bb5 {is more complex.} Kf7 43. Bc4+ e6 44. Bb5 Kf8 45. Ra6) 42... Ne6+ {The position is equal.} 43. Kd3 (43. Kd5 {keeps more tension.} Kf7 44. Bb1 Rc3 45. Rxa7 Rxg3 46. Ba2) 43... Nc5+ 44. Ke3 Nxe4 45. Kxe4 Kf7 46. Ra6 Rc3 47. Kf4 Rc4+ 48. Kf3 Rc3+ {Precision: White = 64%, Black = 62%.} 1/2-1/2

[Event "Your Next Move GCT 2018-Blitz"]
[Site "Leuven"]
[Date "2018.06.15"]
[Round "6"]
[White "Grischuk, Alexander"]
[Black "Aronian, Levon"]
[Result "1-0"]
[WhiteElo "2831"]
[BlackElo "2809"]
[Annotator "TA"]
[PlyCount "71"]
[EventDate "2018.06.16"]
[EventType "tourn"]
[EventCountry "BEL"]
[SourceTitle "playchess.com"]
[Source "ChessBase"]
[SourceQuality "1"]

{[%evp 11,71,1,18,0,9,9,14,15,18,12,63,27,53,44,53,0,0,0,0,0,102,108,108,113,131,91,235,233,249,0,0,-210,-190,-212,-233,-204,-159,-154,-114,-103,-12,-29,0,0,62,66,48,67,50,54,381,375,415,426,441,420,356,216,742,724,29998,29999]} 1. d4 Nf6 2. Bf4 g6 3. e3 Bg7 4. Nf3 O-O 5. Be2 c5 6. O-O b6 {LiveBook: 20 Partien} 7. d5 {A48: Königsindisch (ohne c2-c4)} (7. c3 Bb7 8. h3 d5 9. Nbd2 Nfd7 10. Qb3 Nc6 11. Rad1 Qc8 12. Rfe1 e6 13. Bf1 Ba6 14. Qa3 Bxf1 15. Nxf1 Re8 16. Ng3 Na5 17. Qa4 {0-1 (41) Pakleza,Z (2506)-Bartel,M (2653) Katowice 2016}) 7... d6 8. Nc3 Na6 $146 ({Vorgänger:} 8... a6 9. a4 h6 10. h3 Ra7 11. e4 Nbd7 12. Bh2 Ne8 13. Re1 Ne5 14. Nd2 g5 {0-1 (55) Simantsev,M (2383)-Aliavdin,N (2251) Serpukhov 2002}) 9. e4 {Die Stellung ist ausgeglichen.} Nc7 10. a4 Re8 (10... Bb7 $11) 11. Re1 Nh5 12. Bg5 $36 {[%mdl 2048] Weiss kämpft um Vorteil.} h6 13. Bh4 ({Besser ist} 13. Be3 $14) 13... g5 $11 14. Nd2 Nf4 15. Bg3 e5 (15... Nxe2+ $11 16. Qxe2 e6) 16. Bg4 $16 Bxg4 17. Qxg4 h5 18. Qf5 Nce6 (18... Qf6 $16 {war einen Versuch wert.}) 19. Bxf4 $1 $18 ({Falsch wäre} 19. dxe6 $2 fxe6 20. Bxf4 exf5 $19) 19... Nxf4 20. Nc4 $2 (20. g3 $18) 20... Re6 $1 $11 21. Kf1 $2 ({Nur nicht} 21. dxe6 $2 fxe6 22. Qxf4 exf4 $19) (21. Nb5 $11) 21... Bh6 22. dxe6 fxe6 23. Qxf4 gxf4 24. Rad1 Qh4 {[#] Droht ...f3 und aus.} 25. Rxd6 f3 ({Günstiger ist} 25... Qxh2 $17 {...f3! ist eine echte Drohung.} 26. f3 Kf7 27. Nxe5+ Kf6) 26. gxf3 Rf8 {Und ...Dh3+ würde nun gewinnen.} 27. Ke2 Qxh2 (27... Qg5 $11) 28. Rxe6 $14 Qh3 29. Rg6+ Kh7 30. Rg3 Qh2 $2 {[%mdl 8192] [#]} (30... Qe6 $1 $14 31. Nd5 Bf4) 31. Reg1 $1 $18 h4 32. Rg4 Bf4 33. R1g2 Qh1 {Die Idee ist ...Lh6.} 34. Nd5 Bg3 $2 (34... Bh6) 35. Nce3 Rg8 36. Nf6+ {Precision: Weiß = 64%, Schwarz = 34%.} 1-0